000 00285nam a2200121Ia 4500
008 210312s9999||||xx |||||||||||||| ||und||
041 _aosm
050 _aPL189
050 _bN33
100 _aMuallim Naci
245 0 _aLügat-ı Naci
650 _aDil--Türkçe--Sözlükler--Osmanlıca
999 _c21974
_d21974